书目信息 |
| 题名: |
血战缅甸
|
|
| 作者: | 安于道 著 | |
| 分册: | ||
| 出版信息: | 武汉 长江文艺出版社 2011.9 |
|
| 页数: | 283页 | |
| 开本: | 24cm | |
| 丛书名: | ||
| 单 册: | ||
| 中图分类: | I253.2 , K265.210.6 | |
| 科图分类: | ||
| 主题词: | 纪实文学 , 纪实文学--中国--当代 , 第二次世界大战 | |
| 电子资源: | ||
| ISBN: | 978-7-5354-5306-8 | |
| 000 | 00835nam0 2200301 45 | |
| 001 | 515 | |
| 005 | 20120601102853.29 | |
| 010 | @a978-7-5354-5306-8@dCNY30.00 | |
| 100 | @a20120328d2011 em y0chiy50 ea | |
| 101 | 0 | @achi |
| 102 | @aCN@b420000 | |
| 105 | @aa z 000zd | |
| 106 | @ar | |
| 200 | 1 | @a血战缅甸@AXue Zhan Mian Dian@dWar of Burma@f安于道著@FAn Yu Dao Zhu@zeng |
| 210 | @a武汉@c长江文艺出版社@d2011.9 | |
| 215 | @a283页@c图@d24cm | |
| 300 | @a天一经典军事文库 | |
| 510 | 1 | @aWar of Burma@zeng |
| 601 | 02 | @a国民党军 |
| 601 | 02 | @a国民党军@x第二次世界大战@x史料 |
| 606 | 0 | @a纪实文学 |
| 606 | 0 | @a纪实文学@y中国@z当代 |
| 606 | 0 | @a第二次世界大战 |
| 690 | @aI253.2@v4 | |
| 690 | @aK265.210.6@v4 | |
| 701 | 0 | @a安于道@AAn Yu Dao@4著 |
| 801 | 0 | @aCN@bTSTCL@c20120328 |
| 905 | @b0812180-84@dI253.2@e817@f5 | |
| 血战缅甸=War of Burma/安于道著.-武汉:长江文艺出版社,2011.9 |
| 283页:图;24cm |
| 天一经典军事文库 |
| ISBN 978-7-5354-5306-8:CNY30.00 |
| ● |
| 相关链接 |
|
|
|
|
正题名:血战缅甸
索取号:I253.2/817
 
预约/预借
| 序号 | 登录号 | 条形码 | 馆藏地/架位号 | 状态 | 备注 |
| 1 | 0812180 | 208121806 | 第一样本阅览室/ [索取号:I253.2/817] | 在馆 | |
| 2 | 0812181 | 208121815 | 第二借阅区/ [索取号:I253.2/817] | 在馆 | |
| 3 | 0812182 | 208121824 | 第二借阅区/ [索取号:I253.2/817] | 在馆 | |
| 4 | 0812183 | 208121833 | 第二借阅区/ [索取号:I253.2/817] | 在馆 | |
| 5 | 0812184 | 208121842 | 第二借阅区/ [索取号:I253.2/817] | 在馆 |